Statistiques concernant Rues du Monopoly français

Cliquez ici pour prendre le quiz!

Statistiques générales

  • Ce quiz a été pris 5,576 fois
  • Le résultat moyen est 10 sur 22

Statistiques - réponses

Rue % Correct
Rue de la Paix
95%
Avenue des Champs-Elysées
81%
Avenue Foch
59%
Bd de Belleville
55%
Rue de Vaugirard
55%
Place Pigalle
51%
Faubourg Saint-Honoré
49%
Rue de Courcelles
47%
Avenue Henri-Martin
46%
Bd Malesherbes
46%
Rue Lecourbe
45%
Bd des Capucines
43%
Avenue de la République
42%
Avenue Matignon
41%
Bd de la Villette
41%
Rue La Fayette
39%
Avenue Mozart
39%
Bd Saint-Michel
38%
Avenue de Breteuil
35%
Rue de Paradis
35%
Place de la Bourse
31%
Avenue de Neuilly
28%

Distribution des résultats

Percentile by Number Answered

% des personnes avec chaque résultat

Votre développement - résultats

Vous n’avez pas pris ce quiz